| 000 | 01126nam a22004210a 4500 | ||
|---|---|---|---|
| 001 | PT52563 | ||
| 003 | AR-LpoUNG | ||
| 005 | 20210131231522.0 | ||
| 008 | 191001s2008||||ag |||||||||||||||||spa d | ||
| 020 |
_a9789879125830 _c$44,66 |
||
| 040 |
_aAR-LpoUNG _bspa _cAR-LpoUNG _eaacr |
||
| 041 | _aspa | ||
| 044 | _aag | ||
| 082 | 0 | _a982.063 838cor | |
| 100 | 1 | _aBrennan, James | |
| 245 | 1 | 0 |
_aCórdoba rebelde : _bel Cordobazo, el clasismo y la movilización social |
| 250 | _a1ra. ed. | ||
| 260 |
_aLa Plata : _bDe la Campana, _cagosto 2008. |
||
| 300 |
_a286 p. : _btbls., gráfs. |
||
| 650 | 4 | _aANALISIS HISTORICO | |
| 650 | 4 | _aANALISIS SOCIOLOGICO | |
| 650 | 4 | _aARGENTINA | |
| 650 | 4 | _aCLASE OBRERA | |
| 650 | 4 | _aCLASES SOCIALES | |
| 650 | 4 | _aHISTORIA POLITICA | |
| 650 | 4 | _aHISTORIA SOCIAL | |
| 650 | 4 | _aIDEOLOGIAS POLITICAS | |
| 650 | 4 | _aMOVIMIENTOS OBREROS | |
| 650 | 4 | _aMOVIMIENTOS SOCIALES | |
| 650 | 4 | _aREVOLUCION | |
| 650 | 4 | _aSINDICALISMO | |
| 650 | 4 | _aSINDICATOS | |
| 651 | 4 | _aArgentina | |
| 653 | _aPERONISMO | ||
| 700 | 1 | _aGordillo, Mónica | |
| 905 | _a52563 | ||
| 942 | _cLIB | ||
| 999 |
_c10496 _d10496 |
||